Napi örömhír 2.

Uložené v:
Podrobná bibliografia
Hlavný autor: Koller, G. (Author)
Médium: Kniha
Jazyk:Hungarian
Vydané: 1993
ISBN: 8090044980
Tagy: Pridať tag
Žiadne tagy, Buďte prvý kto otaguje tento záznam!

MARC

LEADER 00000nam a2200000 a 4500
001 000250607
005 00000000000000.0
008 040101s1993 e huno
020 |a 8090044980 
041 0 |a hun 
100 1 |a Koller, G.  |4 aut 
245 1 0 |a Napi örömhír 2. 
260 |c 1993 
500 |a Záznam neprešiel kontrolou 
910 |a svkkk 
919 |a 80-900449-8-0 
998 |a BK 
090 |g SCKHL  |k Sklad Pribinova 2. posch.  |a II.353473  |j 860502  |i 2721181650  |s Povinný výt.